000 00472pam a2200157 4500
008 060221s2007 enk 000 1 eng
020 _a0007245203 (pbk.)
100 1 _aPeterson, Holly.
245 1 4 _aThe manny /
_cHolly Peterson.
260 _aLondon :
_bHarperCollins,
_c2007.
300 _a408 p. ;
_c23 cm.
650 0 _aMale child care workers
_vFiction.
650 0 _aNannies
_vFiction.
650 0 _aWorking mothers
_vFiction.
651 0 _aManhattan (New York, N.Y.)
_vFiction.
999 _c35
_d35